Mosby's review for the NBDE-2 (Record no. 35113)

MARC details
000 -LEADER
fixed length control field 00507nam a2200193 4500
005 - DATE AND TIME OF LATEST TRANSACTION
control field 20240129135109.0
008 - FIXED-LENGTH DATA ELEMENTS--GENERAL INFORMATION
fixed length control field 240124b |||||||| |||| 00| 0 eng d
020 ## - INTERNATIONAL STANDARD BOOK NUMBER
ISBN 9788131238875
082 ## - DEWEY DECIMAL CLASSIFICATION NUMBER
Classification number 617.6
Item number DOW-M
100 ## - MAIN ENTRY--AUTHOR
Author Name Mosby
245 ## - TITLE STATEMENT
Title Mosby's review for the NBDE-2
Statement of responsibility, etc. [Editor]Frank Dowd.
250 ## - EDITION STATEMENT
Edition statement 2nd ed.
260 ## - PUBLICATION, DISTRIBUTION, ETC.
Place of Publication India :
Name of publisher, distributor, etc. Elsvier ;
Date of publication, distribution, etc. 2015.
300 ## - PHYSICAL DESCRIPTION
Pages xii, 473 p. :
500 ## - GENERAL NOTE
General note Include Index.
650 ## - SUBJECT ADDED ENTRY--TOPICAL TERM
Subject / Department Medical/Dentistry
700 ## - ADDED ENTRY--PERSONAL NAME
Personal name Frank Dowd.
300 ## - PHYSICAL DESCRIPTION
-- ill,
-- 25 cm.
952 ## - LOCATION AND ITEM INFORMATION (KOHA)
-- 0
-- 0
952 ## - LOCATION AND ITEM INFORMATION (KOHA)
-- 0
-- 0
952 ## - LOCATION AND ITEM INFORMATION (KOHA)
-- 0
-- 0
952 ## - LOCATION AND ITEM INFORMATION (KOHA)
-- 0
-- 0
952 ## - LOCATION AND ITEM INFORMATION (KOHA)
-- 0
-- 0
952 ## - LOCATION AND ITEM INFORMATION (KOHA)
-- 0
-- 0
Holdings
Lost status Damaged status Collection code Permanent Location Current Location Shelving Location Date acquired Full Call Number Accession No./Barcode Date last seen Copy number item type Koha item type
    Architecture Superior Information Resource Center (SIRC) Superior University- Central Library Superior Information Resource Center (SIRC) Superior University- Central Library Medical 01/24/2024 617.6 MOS-M 2015 13347 01/24/2024 1 BOOK BOOK
    Architecture Superior Information Resource Center (SIRC) Superior University- Central Library Superior Information Resource Center (SIRC) Superior University- Central Library Medical 01/24/2024 617.6 MOS-M 2015 13344 01/24/2024 2 BOOK BOOK
    Architecture Superior Information Resource Center (SIRC) Superior University- Central Library Superior Information Resource Center (SIRC) Superior University- Central Library Medical 01/24/2024 617.6 MOS-M 2015 13345 03/06/2026 3 BOOK BOOK
    Architecture Superior Information Resource Center (SIRC) Superior University- Central Library Superior Information Resource Center (SIRC) Superior University- Central Library Medical 01/24/2024 617.6 MOS-M 2015 13343 01/24/2024 4 BOOK BOOK
    Architecture Superior Information Resource Center (SIRC) Superior University- Central Library Superior Information Resource Center (SIRC) Superior University- Central Library Medical 01/24/2024 617.6 MOS-M 2015 13346 01/24/2024 6 BOOK BOOK
    Medical Superior Information Resource Center (SIRC) Superior University- Central Library Superior Information Resource Center (SIRC) Superior University- Central Library Dentistry 01/29/2024 617.6 MOS-M 2015 13348 01/29/2024 5 BOOK BOOK

Powered by Koha